00162 a2200073 450000100060000010000150000624500510002126000160007211310 aChawla, S. aSouth East Asia Under the new balance of powor abPreagerc